000 00429 a2200181 4500
001 139686
040 _cLeonardo Da Vinci
041 _aPortuguês
082 _a869.93 A986nb
_bA986nb
100 _aAZEVEDO, Álvares de
245 _aNoite na taverna
260 _bPrincípio
_c1994
_aSão Paulo
300 _a95
362 _a19940000
490 _aO prazer do texto
697 _aLiteratura
_aConto
_aBrasil
942 _cBK
999 _c139686
_d139686